书目信息 |
| 题名: |
现代有机波谱分析
|
|
| 作者: | 张华 主编 | |
| 分册: | ||
| 出版信息: | 北京 化学工业出版社 2005.08 |
|
| 页数: | 426页 | |
| 开本: | 26cm | |
| 丛书名: | ||
| 单 册: | ||
| 中图分类: | O657.61 | |
| 科图分类: | ||
| 主题词: | 波谱分析--bo pu fen xi--研究生--教材 | |
| 电子资源: | ||
| ISBN: | 7-5025-7349-6 | |
| 000 | 00881nam0 2200241 450 | |
| 001 | 012006188171 | |
| 005 | 20060701083217.03 | |
| 010 | @a7-5025-7349-6@dCNY49.00 | |
| 100 | @a20060610d2005 km y0chiy0120 ea | |
| 101 | 0 | @achi |
| 102 | @aCN@b110000 | |
| 105 | @aa a 000yy | |
| 200 | 1 | @a现代有机波谱分析@Axian dai you ji bo pu fen xi@f张华主编@Fzhang hua zhu bian |
| 210 | @a北京@c化学工业出版社@d2005.08 | |
| 215 | @a426页@c图@d26cm | |
| 300 | @a高等学校化工类研究生教学用书 | |
| 320 | @a有书目。 | |
| 330 | @a本书重点阐述了有机质谱、氢核磁共振波谱、碳核磁共振波谱、二维核磁共振波谱等有机波谱方法的基本原理、应用以及最新进展,首重讨论波谱图与分子结构的关系以及有机波谱在分子结构鉴定中的应用。 | |
| 606 | 0 | @a波谱分析@Abo pu fen xi@x研究生@j教材 |
| 690 | @aO657.61@v4 | |
| 701 | 0 | @a张华@Azhang hua@4主编 |
| 801 | 0 | @aCN@bQSSK@c20060701 |
| 905 | @a10447@dO657.61@eZ110 | |
| 现代有机波谱分析/张华主编.-北京:化学工业出版社,2005.08 |
| 426页:图;26cm |
| 高等学校化工类研究生教学用书 |
| ISBN 7-5025-7349-6:CNY49.00 |
| 本书重点阐述了有机质谱、氢核磁共振波谱、碳核磁共振波谱、二维核磁共振波谱等有机波谱方法的基本原理、应用以及最新进展,首重讨论波谱图与分子结构的关系以及有机波谱在分子结构鉴定中的应用。 |
| ● |
| 相关链接 |
|
|
|
正题名:现代有机波谱分析
索取号:O657.61/Z110
 
预约/预借
| 序号 | 登录号 | 条形码 | 馆藏地/架位号 | 状态 | 备注 |
| 1 | 582080 | 205820806 | 自科库401/401自科库 66排1列2层/ [索取号:O657.61/Z110] | 在馆 | |
| 2 | 582081 | 205820815 | 自科库401/401自科库 66排1列2层/ [索取号:O657.61/Z110] | 在馆 | |
| 3 | 582082 | 205820824 | 自科库401/401自科库 66排1列2层/ [索取号:O657.61/Z110] | 在馆 |